MARC

LEADER 00000nam0a2200000 4500
001 247120
005 20231101232255.0
035 |a (RuTPU)RU\TPU\book\268593 
090 |a 247120 
100 |a 20131217d1965 km y0rusy50 ca 
101 1 |a rus  |c eng 
102 |a RU 
105 |a a z 000zy 
200 1 |a Новая эра в физике  |e пер. с англ.  |f Г. Месси 
205 |a 2-е изд., испр. 
210 |a Москва  |c Атомиздат  |d 1965 
215 |a 310 с.  |c ил. 
606 1 |a Физика теоретическая  |2 stltpush  |3 (RuTPU)RU\TPU\subj\63728  |9 80703 
610 1 |a атомы 
610 1 |a структура 
610 1 |a история 
610 1 |a атомная механика 
610 1 |a принцип неопределенности 
610 1 |a электроны 
610 1 |a теория относительности 
610 1 |a атомное ядро 
610 1 |a исследование 
610 1 |a приборы 
610 1 |a эксплуатация 
610 1 |a космические лучи 
610 1 |a бета-радиоактивность 
610 1 |a нейтрино 
610 1 |a радиоастрономия 
610 1 |a изучение 
610 1 |a атмосфера 
610 1 |a искусственные спутники 
610 1 |a космические зонды 
675 |a 530.1  |v 3 
700 1 |a Месси  |b Г. 
801 1 |a RU  |b 63413507  |c 20131217 
801 2 |a RU  |b 63413507  |c 20131220  |g RCR 
942 |c BK